| 000 | 00855nam a2200253 i 4500 | ||
|---|---|---|---|
| 001 | bg | ||
| 003 | BPK | ||
| 005 | 20190801094049.0 | ||
| 008 | 020718s1978 pl a f |000 0 pol | ||
| 015 | _aPB 1978/3183 | ||
| 040 |
_aWA N _cBPK |
||
| 041 | 1 |
_apol _hrus |
|
| 080 | _a53 | ||
| 100 | 1 | _aOl'hovskij, Igor' Ivanovič. | |
| 245 | 1 | 0 |
_aMechanika teoretyczna / _cI. I. Olchowski ; [z ros. tł. Jerzy Bogdanowicz]. |
| 246 | 1 |
_iTyt. oryg.: _aKurs teoretičeskoj mehaniki dlâ fizikov. |
|
| 260 |
_aWarszawa : _bPaństwowe Wydawnictwo Naukowe, _c1978. |
||
| 300 |
_a492, [3] s. : _bil. ; _c25 cm. |
||
| 655 | 4 | _aPodręczniki akademickie | |
| 650 | 4 | _aMechanika | |
| 700 | 1 |
_aBogdanowicz, Jerzy. _eTł. |
|
| 856 |
_uhttp://koha.tu.koszalin.pl/cgi-bin/koha/opac-detail.pl?biblionumber=27877 _yKatalog online BPK |
||
| 942 |
_2UKD _cKS |
||
| 999 |
_c27877 _d27877 |
||